[Event "EYCC 2024 - G14"]
[Site "?"]
[Date "2024.08.25"]
[Round "4.1"]
[White "Huseynova, Lala"]
[Black "Vujovic, Vera"]
[Result "1/2-1/2"]
[BlackElo "2175"]
[WhiteElo "1984"]
[LiveChessVersion "1.4.8"]

1. e4 {[%clk 1:30:57]} e5 {[%clk 1:30:55]} 2. Nf3 {[%clk 1:31:21]} Nc6
{[%clk 1:31:21]} 3. Bb5 {[%clk 1:31:47]} a6 {[%clk 1:31:48]} 4. Ba4
{[%clk 1:32:13]} Nf6 {[%clk 1:32:14]} 5. O-O {[%clk 1:32:33]} b5 {[%clk 1:32:40]}
6. Bb3 {[%clk 1:32:59]} Bc5 {[%clk 1:33:07]} 7. c3 {[%clk 1:33:09]} d6
{[%clk 1:33:33]} 8. d4 {[%clk 1:31:16]} Bb6 {[%clk 1:33:57]} 9. Be3
{[%clk 1:29:37]} Bg4 {[%clk 1:26:22]} 10. Nbd2 {[%clk 1:29:24]} O-O
{[%clk 1:24:47]} 11. dxe5 {[%clk 1:22:15]} dxe5 {[%clk 1:24:23]} 12. Qe2
{[%clk 1:22:08]} Qe7 {[%clk 1:21:52]} 13. Rfd1 {[%clk 1:13:18]} Rab8
{[%clk 1:14:06]} 14. Nf1 {[%clk 1:02:48]} Na5 {[%clk 1:06:39]} 15. Bc2
{[%clk 0:56:16]} Nc4 {[%clk 1:04:40]} 16. Bxb6 {[%clk 0:55:29]} Rxb6
{[%clk 1:03:59]} 17. b3 {[%clk 0:55:10]} Na3 {[%clk 0:51:22]} 18. Bd3
{[%clk 0:52:24]} Nh5 {[%clk 0:51:20]} 19. Rd2 {[%clk 0:44:23]} Qc5
{[%clk 0:20:45]} 20. Rc1 {[%clk 0:26:32]} Rg6 {[%clk 0:17:23]} 21. Ng3
{[%clk 0:24:11]} Nxg3 {[%clk 0:17:24]} 22. hxg3 {[%clk 0:24:38]} Bxf3
{[%clk 0:13:37]} 23. Qxf3 {[%clk 0:24:33]} Rd6 {[%clk 0:13:57]} 24. Rdd1
{[%clk 0:19:47]} Rfd8 {[%clk 0:14:15]} 25. Be2 {[%clk 0:13:24]} g6
{[%clk 0:13:17]} 26. Rxd6 {[%clk 0:11:29]} Rxd6 {[%clk 0:13:43]} 27. c4
{[%clk 0:05:19]} b4 {[%clk 0:13:46]} 28. Rd1 {[%clk 0:05:26]} Rxd1+
{[%clk 0:09:25]} 29. Bxd1 {[%clk 0:05:55]} Nb1 {[%clk 0:08:04]} 30. Bc2
{[%clk 0:02:32]} Na3 {[%clk 0:06:36]} 31. Qd1 {[%clk 0:00:47]} Qe7
{[%clk 0:06:09]} 32. Qd2 {[%clk 0:00:42]} h5 {[%clk 0:05:52]} 33. f3
{[%clk 0:00:40]} h4 {[%clk 0:05:38]} 34. g4 {[%clk 0:00:36]} Qc5+
{[%clk 0:05:50]} 35. Kh2 {[%clk 0:00:43]} Nxc2 {[%clk 0:01:34]} 36. Qxc2
{[%clk 0:01:12]} Qd4 {[%clk 0:01:53]} 37. Qe2 {[%clk 0:00:33]} a5
{[%clk 0:01:52]} 38. g5 {[%clk 0:00:41]} Kf8 {[%clk 0:01:56]} 39. Qe1
{[%clk 0:00:34]} Kg7 {[%clk 0:00:55]} 40. Qxh4 {[%clk 0:00:57]} Qb2
{[%clk 0:00:42]} 41. Qh6+ {[%clk 0:00:41]} Kg8 {[%clk 0:01:07]} 42. Qh3
{[%clk 0:01:09]} Qxa2 {[%clk 0:00:37]} 43. Qc8+ {[%clk 0:01:00]} Kg7
{[%clk 0:00:50]} 44. Qxc7 {[%clk 0:00:49]} Qxb3 {[%clk 0:00:50]} 45. Qxe5+
{[%clk 0:01:13]} Kg8 {[%clk 0:00:48]} 46. Qe8+ {[%clk 0:01:36]} Kg7 47. Qe5+
{[%clk 0:02:05]} Kg8 {[%clk 0:01:16]} 48. Qe8+ {[%clk 0:02:14]} Kg7
{[%clk 0:01:40]} 49. Qe5+ {[%clk 0:02:09]} Kg8 {[%clk 0:02:04]} 1/2-1/2

[Event "EYCC 2024 - G14"]
[Site "?"]
[Date "2024.08.25"]
[Round "4.2"]
[White "Kuznecova, Marija"]
[Black "Bashirli, Saadat"]
[Result "1-0"]
[BlackElo "1894"]
[WhiteElo "2174"]
[LiveChessVersion "1.4.8"]

1. e4 {[%clk 1:30:58]} c5 {[%clk 1:31:22]} 2. Nf3 {[%clk 1:31:21]} Nc6
{[%clk 1:31:43]} 3. Nc3 {[%clk 1:31:44]} g6 {[%clk 1:32:02]} 4. d4
{[%clk 1:32:07]} cxd4 {[%clk 1:32:24]} 5. Nxd4 {[%clk 1:32:28]} Bg7
{[%clk 1:32:41]} 6. Be3 {[%clk 1:32:49]} Nf6 {[%clk 1:32:58]} 7. Bc4
{[%clk 1:33:06]} O-O {[%clk 1:33:15]} 8. Bb3 {[%clk 1:33:13]} a5 {[%clk 1:33:33]}
9. O-O {[%clk 1:32:51]} Ng4 {[%clk 1:27:23]} 10. Qxg4 {[%clk 1:32:40]} Nxd4
{[%clk 1:27:40]} 11. Qh4 {[%clk 1:32:53]} d6 {[%clk 1:26:53]} 12. Bg5
{[%clk 1:20:09]} Re8 {[%clk 1:21:07]} 13. Nd5 {[%clk 1:14:48]} Bf8
{[%clk 1:13:30]} 14. Be3 {[%clk 1:07:41]} Bg7 {[%clk 0:50:26]} 15. c3
{[%clk 1:02:30]} a4 {[%clk 0:43:59]} 16. Bc4 {[%clk 0:57:50]} Ne6
{[%clk 0:37:47]} 17. Bb5 {[%clk 0:55:59]} Bd7 {[%clk 0:38:03]} 18. Bxd7
{[%clk 0:55:38]} Qxd7 {[%clk 0:38:32]} 19. Nb6 {[%clk 0:55:52]} Qb5
{[%clk 0:37:49]} 20. Nxa8 {[%clk 0:55:40]} Bf6 {[%clk 0:37:29]} 21. Qg4
{[%clk 0:53:39]} Rxa8 {[%clk 0:37:49]} 22. Rab1 {[%clk 0:50:39]} Qc4
{[%clk 0:33:56]} 23. a3 {[%clk 0:47:30]} d5 {[%clk 0:33:27]} 24. f3
{[%clk 0:45:10]} h5 {[%clk 0:30:06]} 25. Qg3 {[%clk 0:44:35]} dxe4
{[%clk 0:29:34]} 26. fxe4 {[%clk 0:43:54]} Qxe4 {[%clk 0:29:38]} 27. Rbd1
{[%clk 0:43:12]} Qc6 {[%clk 0:26:54]} 28. Qf3 {[%clk 0:42:46]} Qb5
{[%clk 0:25:29]} 29. Rd2 {[%clk 0:41:32]} Kg7 {[%clk 0:23:50]} 30. Rff2
{[%clk 0:37:29]} Rc8 {[%clk 0:22:26]} 31. Rd5 {[%clk 0:35:45]} Qc6
{[%clk 0:19:35]} 32. Rfd2 {[%clk 0:34:43]} Rc7 {[%clk 0:16:32]} 33. Qe4
{[%clk 0:30:00]} Nf8 {[%clk 0:07:23]} 34. Qf4 {[%clk 0:24:18]} g5
{[%clk 0:07:08]} 35. Qf3 {[%clk 0:20:09]} e6 {[%clk 0:06:20]} 36. Ra5
{[%clk 0:19:11]} Qxf3 {[%clk 0:02:16]} 37. gxf3 {[%clk 0:19:32]} e5
{[%clk 0:01:29]} 38. Rxa4 {[%clk 0:19:32]} Ng6 {[%clk 0:01:47]} 39. Kf2
{[%clk 0:18:10]} Nh4 {[%clk 0:01:33]} 40. Ra8 {[%clk 0:16:24]} Nf5
{[%clk 0:01:14]} 41. Bb6 {[%clk 0:15:28]} Rc4 {[%clk 0:00:39]} 42. Bd8
{[%clk 0:15:22]} Rf4 {[%clk 0:00:36]} 43. Bxf6+ {[%clk 0:15:09]} Kxf6
{[%clk 0:01:05]} 44. Ke2 {[%clk 0:15:21]} Rh4 {[%clk 0:00:44]} 45. Kf1
{[%clk 0:15:03]} Rf4 {[%clk 0:00:53]} 46. Rf2 {[%clk 0:14:56]} Nh4
{[%clk 0:01:09]} 47. Ke2 {[%clk 0:14:20]} g4 {[%clk 0:00:49]} 48. fxg4
{[%clk 0:13:13]} hxg4 {[%clk 0:01:13]} 49. Rxf4+ {[%clk 0:11:53]} exf4
{[%clk 0:01:42]} 50. Ra5 {[%clk 0:12:04]} Nf5 {[%clk 0:01:40]} 51. b4
{[%clk 0:11:50]} f3+ {[%clk 0:00:41]} 52. Kf2 {[%clk 0:09:51]} Nd6
{[%clk 0:01:05]} 53. Rd5 {[%clk 0:06:52]} Ne4+ {[%clk 0:01:15]} 54. Kf1
{[%clk 0:06:54]} Nxc3 {[%clk 0:01:21]} 55. Rd2 {[%clk 0:06:24]} Ke6
{[%clk 0:00:46]} 56. Rc2 {[%clk 0:06:21]} Nd5 {[%clk 0:01:02]} 57. Kf2
{[%clk 0:06:08]} f5 {[%clk 0:00:49]} 58. b5 {[%clk 0:06:04]} Ke5 {[%clk 0:00:42]}
59. a4 {[%clk 0:06:06]} b6 {[%clk 0:00:35]} 60. Rb2 {[%clk 0:05:06]} Kd6
{[%clk 0:00:35]} 61. Rc2 {[%clk 0:04:35]} Nb4 {[%clk 0:00:49]} 62. Rc3
{[%clk 0:04:22]} Kd5 {[%clk 0:00:49]} 63. Rc8 {[%clk 0:03:42]} f4
{[%clk 0:00:46]} 64. Rg8 {[%clk 0:03:14]} Nd3+ {[%clk 0:00:52]} 65. Kf1
{[%clk 0:03:38]} g3 {[%clk 0:00:37]} 66. hxg3 {[%clk 0:04:03]} fxg3
{[%clk 0:01:03]} 67. Rxg3 {[%clk 0:03:41]} Nb2 {[%clk 0:00:41]} 68. Rg5+
{[%clk 0:02:18]} Kd6 {[%clk 0:00:38]} 69. Rg4 {[%clk 0:02:14]} Kc5
{[%clk 0:00:50]} 70. Rh4 {[%clk 0:01:50]} Nc4 {[%clk 0:00:46]} 71. Kf2
{[%clk 0:01:54]} Nd2 {[%clk 0:00:33]} 72. Ke3 {[%clk 0:01:56]} Nc4+
{[%clk 0:00:40]} 73. Kxf3 {[%clk 0:02:15]} Kb4 {[%clk 0:00:43]} 74. a5
{[%clk 0:01:52]} Kxb5 {[%clk 0:00:35]} 75. Rxc4 {[%clk 0:02:16]} bxa5
{[%clk 0:00:54]} 76. Rc8 {[%clk 0:02:36]} Kb4 {[%clk 0:01:17]} 77. Ke3
{[%clk 0:02:59]} a4 {[%clk 0:01:39]} 78. Kd2 {[%clk 0:03:17]} Kb3
{[%clk 0:01:48]} 79. Kc1 {[%clk 0:03:37]} Ka2 {[%clk 0:02:04]} 80. Kc2
{[%clk 0:03:49]} 1-0

[Event "EYCC 2024 - G14"]
[Site "?"]
[Date "2024.08.25"]
[Round "4.3"]
[White "Sickmann, Lisa"]
[Black "Mgeladze, Kesaria"]
[Result "0-1"]
[BlackElo "2152"]
[WhiteElo "1964"]
[LiveChessVersion "1.4.8"]

1. d4 {[%clk 1:30:58]} Nf6 {[%clk 1:30:52]} 2. Nf3 {[%clk 1:31:25]} g6
{[%clk 1:30:48]} 3. Nbd2 {[%clk 1:31:48]} c5 {[%clk 1:26:34]} 4. dxc5
{[%clk 1:31:17]} Qa5 {[%clk 1:26:35]} 5. g3 {[%clk 1:26:02]} Bg7 {[%clk 1:26:35]}
6. Bg2 {[%clk 1:25:56]} Qxc5 {[%clk 1:26:56]} 7. Nb3 {[%clk 1:25:50]} Qc7
{[%clk 1:27:00]} 8. O-O {[%clk 1:24:48]} O-O {[%clk 1:27:23]} 9. c3
{[%clk 1:20:49]} Nc6 {[%clk 1:25:06]} 10. Nfd4 {[%clk 1:19:32]} d5
{[%clk 1:21:04]} 11. Be3 {[%clk 1:11:54]} a6 {[%clk 1:13:14]} 12. Qc1
{[%clk 0:55:50]} e5 {[%clk 1:10:42]} 13. Nxc6 {[%clk 0:55:41]} bxc6
{[%clk 1:10:54]} 14. Bc5 {[%clk 0:45:36]} Re8 {[%clk 1:07:29]} 15. c4
{[%clk 0:39:21]} Bg4 {[%clk 0:53:30]} 16. Re1 {[%clk 0:35:44]} Rab8
{[%clk 0:47:07]} 17. Ba3 {[%clk 0:29:57]} Qd7 {[%clk 0:36:40]} 18. Nc5
{[%clk 0:24:07]} Qc8 {[%clk 0:34:06]} 19. Qc3 {[%clk 0:20:33]} e4
{[%clk 0:31:57]} 20. Qa5 {[%clk 0:19:20]} Nd7 {[%clk 0:29:56]} 21. Rac1
{[%clk 0:10:08]} Nxc5 {[%clk 0:22:01]} 22. Qxc5 {[%clk 0:10:28]} Bxb2
{[%clk 0:18:07]} 23. Bxb2 {[%clk 0:10:53]} Rxb2 {[%clk 0:18:33]} 24. cxd5
{[%clk 0:11:09]} cxd5 {[%clk 0:18:52]} 25. Qxd5 {[%clk 0:09:40]} Rxe2
{[%clk 0:18:56]} 26. Kf1 {[%clk 0:04:28]} Rxe1+ {[%clk 0:17:40]} 27. Rxe1
{[%clk 0:04:51]} Be6 {[%clk 0:16:11]} 28. Qd2 {[%clk 0:04:52]} Qc4+
{[%clk 0:13:19]} 29. Kg1 {[%clk 0:04:22]} Qxa2 {[%clk 0:13:42]} 30. Qxa2
{[%clk 0:04:35]} Bxa2 {[%clk 0:14:08]} 31. Rxe4 {[%clk 0:04:14]} Rxe4
{[%clk 0:14:12]} 32. Bxe4 {[%clk 0:04:40]} Bb3 {[%clk 0:13:49]} 33. Kf1
{[%clk 0:04:55]} a5 {[%clk 0:13:38]} 34. Ke2 {[%clk 0:05:21]} a4 {[%clk 0:14:04]}
35. Kd2 {[%clk 0:05:46]} a3 {[%clk 0:13:58]} 36. Kc3 {[%clk 0:05:28]} a2
{[%clk 0:13:37]} 37. Kb2 {[%clk 0:05:55]} Kg7 {[%clk 0:12:17]} 38. f4
{[%clk 0:06:19]} f5 {[%clk 0:10:15]} 39. Bf3 {[%clk 0:06:21]} Be6
{[%clk 0:09:52]} 40. h3 {[%clk 0:06:26]} h5 {[%clk 0:09:21]} 41. Be2
{[%clk 0:06:33]} Kf6 {[%clk 0:09:34]} 42. Bf3 {[%clk 0:06:54]} Ke7
{[%clk 0:09:30]} 43. Be2 {[%clk 0:07:08]} Kd6 {[%clk 0:08:21]} 44. Bb5
{[%clk 0:07:25]} Bf7 {[%clk 0:08:45]} 45. Be2 {[%clk 0:07:34]} Kc5
{[%clk 0:09:06]} 46. g4 {[%clk 0:01:44]} h4 {[%clk 0:09:28]} 47. Bf1
{[%clk 0:00:34]} Kd4 {[%clk 0:09:49]} 48. gxf5 {[%clk 0:00:46]} gxf5
{[%clk 0:10:16]} 49. Bg2 {[%clk 0:01:01]} Ke3 {[%clk 0:10:41]} 50. Bf1
{[%clk 0:01:26]} Kxf4 {[%clk 0:11:05]} 51. Bb5 {[%clk 0:01:51]} Kg3
{[%clk 0:11:30]} 52. Bd7 {[%clk 0:02:17]} f4 {[%clk 0:11:55]} 0-1

[Event "EYCC 2024 - G14"]
[Site "?"]
[Date "2024.08.25"]
[Round "4.4"]
[White "Krkyasharyan, Sona"]
[Black "Bernard, Ines"]
[Result "0-1"]
[BlackElo "2005"]
[WhiteElo "1884"]
[LiveChessVersion "1.4.8"]

1. d4 {[%clk 1:30:59]} e6 {[%clk 1:30:52]} 2. c4 {[%clk 1:31:24]} b6
{[%clk 1:31:18]} 3. Nc3 {[%clk 1:31:48]} Bb4 {[%clk 1:31:45]} 4. Qc2
{[%clk 1:31:52]} Bb7 {[%clk 1:31:46]} 5. e4 {[%clk 1:32:09]} Nf6 {[%clk 1:26:27]}
6. Bd3 {[%clk 1:31:32]} Bxc3+ {[%clk 1:24:55]} 7. bxc3 {[%clk 1:31:52]} d6
{[%clk 1:25:23]} 8. Nf3 {[%clk 1:29:45]} Nbd7 {[%clk 1:21:59]} 9. O-O
{[%clk 1:30:05]} e5 {[%clk 1:19:09]} 10. Rd1 {[%clk 1:26:04]} O-O
{[%clk 1:16:35]} 11. c5 {[%clk 1:22:06]} bxc5 {[%clk 1:10:37]} 12. dxe5
{[%clk 1:22:16]} c4 {[%clk 1:09:26]} 13. exf6 {[%clk 1:05:11]} cxd3
{[%clk 1:09:48]} 14. Qxd3 {[%clk 1:05:37]} Qxf6 {[%clk 1:07:44]} 15. Be3
{[%clk 1:04:55]} Qg6 {[%clk 1:02:53]} 16. Nd2 {[%clk 1:03:11]} Ne5
{[%clk 0:54:40]} 17. Qc2 {[%clk 1:01:46]} Ba6 {[%clk 0:51:51]} 18. c4
{[%clk 0:59:22]} c5 {[%clk 0:44:25]} 19. Rab1 {[%clk 0:56:04]} Rae8
{[%clk 0:38:58]} 20. Bf4 {[%clk 0:51:23]} h5 {[%clk 0:36:42]} 21. Bxe5
{[%clk 0:43:02]} Rxe5 {[%clk 0:35:11]} 22. Nf3 {[%clk 0:40:50]} Re7
{[%clk 0:20:33]} 23. Qd3 {[%clk 0:38:12]} Bb7 {[%clk 0:17:56]} 24. Qxd6
{[%clk 0:37:53]} Re6 {[%clk 0:17:48]} 25. Qg3 {[%clk 0:27:24]} Bxe4
{[%clk 0:15:41]} 26. Rb5 {[%clk 0:27:01]} Bxf3 {[%clk 0:14:32]} 27. Qxf3
{[%clk 0:26:58]} Rfe8 {[%clk 0:14:56]} 28. h4 {[%clk 0:26:31]} Qc2
{[%clk 0:12:21]} 29. Rb7 {[%clk 0:21:23]} Rf6 {[%clk 0:11:00]} 30. Qb3
{[%clk 0:16:23]} Qxf2+ {[%clk 0:10:59]} 31. Kh1 {[%clk 0:16:47]} Rf4
{[%clk 0:10:45]} 32. Rd3 {[%clk 0:14:54]} Rxh4+ {[%clk 0:08:58]} 33. Rh3
{[%clk 0:15:19]} Re1+ {[%clk 0:09:26]} 34. Kh2 {[%clk 0:15:44]} Qg1+
{[%clk 0:09:39]} 35. Kg3 {[%clk 0:16:08]} Rg4+ {[%clk 0:10:07]} 0-1

[Event "EYCC 2024 - G14"]
[Site "?"]
[Date "2024.08.25"]
[Round "4.5"]
[White "Alfano, Emilie"]
[Black "Halas, Neele Zoe"]
[Result "0-1"]
[BlackElo "1785"]
[WhiteElo "1990"]
[LiveChessVersion "1.4.8"]

1. e4 {[%clk 1:30:59]} e5 {[%clk 1:30:54]} 2. Nf3 {[%clk 1:31:25]} Nc6
{[%clk 1:31:20]} 3. Bb5 {[%clk 1:31:50]} Nf6 {[%clk 1:31:45]} 4. O-O
{[%clk 1:32:15]} Nxe4 {[%clk 1:32:01]} 5. Re1 {[%clk 1:32:42]} Nd6
{[%clk 1:32:19]} 6. Nxe5 {[%clk 1:33:09]} Be7 {[%clk 1:32:06]} 7. Bf1
{[%clk 1:33:33]} Nxe5 {[%clk 1:32:24]} 8. Rxe5 {[%clk 1:33:59]} O-O
{[%clk 1:32:27]} 9. d4 {[%clk 1:34:27]} Ne8 {[%clk 1:31:25]} 10. d5
{[%clk 1:29:34]} d6 {[%clk 1:30:30]} 11. Re1 {[%clk 1:29:54]} Bf5
{[%clk 1:26:54]} 12. Nd2 {[%clk 1:27:23]} Nf6 {[%clk 1:25:27]} 13. c4
{[%clk 1:26:27]} Nd7 {[%clk 1:24:39]} 14. Ne4 {[%clk 1:22:36]} Bg6
{[%clk 1:15:36]} 15. Qd2 {[%clk 1:05:11]} Nc5 {[%clk 1:08:07]} 16. Nxc5
{[%clk 0:56:28]} dxc5 {[%clk 1:07:52]} 17. Qe3 {[%clk 0:54:37]} Bd6
{[%clk 1:01:07]} 18. Bd2 {[%clk 0:54:27]} Re8 {[%clk 1:00:46]} 19. Qb3
{[%clk 0:54:31]} b6 {[%clk 0:58:48]} 20. Rxe8+ {[%clk 0:45:06]} Qxe8
{[%clk 0:56:18]} 21. Re1 {[%clk 0:45:30]} Qd7 {[%clk 0:56:14]} 22. Qe3
{[%clk 0:45:04]} Kf8 {[%clk 0:55:42]} 23. Bc3 {[%clk 0:45:18]} c6
{[%clk 0:46:26]} 24. dxc6 {[%clk 0:34:52]} Qxc6 {[%clk 0:46:32]} 25. g3
{[%clk 0:34:56]} Rd8 {[%clk 0:40:24]} 26. b3 {[%clk 0:34:05]} f6 {[%clk 0:36:29]}
27. Bg2 {[%clk 0:33:37]} Qc7 {[%clk 0:36:31]} 28. Be4 {[%clk 0:24:51]} Re8
{[%clk 0:34:43]} 29. Qf3 {[%clk 0:25:17]} Bxe4 {[%clk 0:34:52]} 30. Rxe4
{[%clk 0:25:40]} Rxe4 {[%clk 0:35:10]} 31. Qxe4 {[%clk 0:26:05]} h6
{[%clk 0:34:55]} 32. Qa8+ {[%clk 0:25:05]} Kf7 {[%clk 0:34:49]} 33. Qd5+
{[%clk 0:25:24]} Kf8 {[%clk 0:34:53]} 34. Kg2 {[%clk 0:24:33]} Qe7
{[%clk 0:34:45]} 35. Kf3 {[%clk 0:24:24]} Qc7 {[%clk 0:27:29]} 36. Qe6
{[%clk 0:22:13]} Qe7 {[%clk 0:26:47]} 37. Qe4 {[%clk 0:21:08]} Kf7
{[%clk 0:26:11]} 38. Qxe7+ {[%clk 0:15:50]} Kxe7 {[%clk 0:26:11]} 39. Ke4
{[%clk 0:15:34]} Ke6 {[%clk 0:26:26]} 40. f4 {[%clk 0:14:52]} f5+
{[%clk 0:25:36]} 41. Kf3 {[%clk 0:14:59]} g6 {[%clk 0:25:15]} 42. h3
{[%clk 0:14:00]} h5 {[%clk 0:22:56]} 43. g4 {[%clk 0:10:19]} hxg4+
{[%clk 0:22:55]} 44. hxg4 {[%clk 0:10:45]} Ke7 {[%clk 0:19:39]} 45. gxf5
{[%clk 0:09:38]} gxf5 {[%clk 0:19:58]} 46. Be5 {[%clk 0:05:18]} Bxe5
{[%clk 0:19:53]} 47. fxe5 {[%clk 0:05:45]} Ke6 {[%clk 0:02:30]} 48. Kf4
{[%clk 0:06:00]} a6 {[%clk 0:02:50]} 49. a3 {[%clk 0:06:03]} b5 {[%clk 0:03:14]}
50. cxb5 {[%clk 0:02:33]} axb5 {[%clk 0:03:32]} 51. a4 {[%clk 0:02:49]} c4
{[%clk 0:03:56]} 52. bxc4 {[%clk 0:03:02]} bxa4 {[%clk 0:04:19]} 53. c5
{[%clk 0:03:21]} a3 {[%clk 0:04:45]} 54. c6 {[%clk 0:03:49]} a2 {[%clk 0:05:10]}
55. c7 {[%clk 0:04:16]} Kd7 {[%clk 0:05:30]} 56. e6+ {[%clk 0:04:34]} Kxc7
{[%clk 0:05:50]} 57. Kxf5 {[%clk 0:05:01]} Kd8 {[%clk 0:05:59]} 0-1

[Event "EYCC 2024 - G14"]
[Site "?"]
[Date "2024.08.25"]
[Round "4.6"]
[White "Aghaverdiyeva, Maryam"]
[Black "Kozusnikova, Daniela"]
[Result "1-0"]
[BlackElo "1804"]
[WhiteElo "1972"]
[LiveChessVersion "1.4.8"]

1. e4 {[%clk 1:30:54]} e5 {[%clk 1:30:55]} 2. Nf3 {[%clk 1:31:04]} Nf6
{[%clk 1:31:22]} 3. Nxe5 {[%clk 1:31:07]} d6 {[%clk 1:31:48]} 4. Nf3
{[%clk 1:31:01]} Nxe4 {[%clk 1:32:12]} 5. d4 {[%clk 1:31:27]} d5 {[%clk 1:32:38]}
6. Bd3 {[%clk 1:31:52]} Nc6 {[%clk 1:33:04]} 7. O-O {[%clk 1:32:17]} Be7
{[%clk 1:33:30]} 8. c4 {[%clk 1:32:42]} Nb4 {[%clk 1:28:47]} 9. Be2
{[%clk 1:33:05]} dxc4 {[%clk 1:23:49]} 10. Bxc4 {[%clk 1:32:31]} Nf6
{[%clk 1:22:23]} 11. Nc3 {[%clk 1:30:08]} O-O {[%clk 1:18:41]} 12. a3
{[%clk 1:13:18]} Nbd5 {[%clk 1:18:36]} 13. Re1 {[%clk 1:13:07]} c6
{[%clk 1:17:13]} 14. Ne5 {[%clk 1:05:58]} Be6 {[%clk 1:08:10]} 15. Bd3
{[%clk 0:57:01]} Qd6 {[%clk 0:50:33]} 16. Qf3 {[%clk 0:51:23]} Rad8
{[%clk 0:44:05]} 17. Ne2 {[%clk 0:45:54]} c5 {[%clk 0:37:47]} 18. Ng3
{[%clk 0:35:29]} cxd4 {[%clk 0:30:31]} 19. Bd2 {[%clk 0:32:55]} g6
{[%clk 0:22:00]} 20. Bh6 {[%clk 0:20:31]} Rfe8 {[%clk 0:22:24]} 21. Bb5
{[%clk 0:20:47]} Nd7 {[%clk 0:22:45]} 22. Bxd7 {[%clk 0:20:02]} Rxd7
{[%clk 0:23:11]} 23. Nxd7 {[%clk 0:20:08]} Qxd7 {[%clk 0:23:39]} 24. Qd3
{[%clk 0:17:37]} Nb6 {[%clk 0:17:42]} 25. Rac1 {[%clk 0:12:01]} Qd5
{[%clk 0:13:35]} 26. Bf4 {[%clk 0:08:34]} Bf6 {[%clk 0:12:31]} 27. Ne4
{[%clk 0:07:42]} Bg7 {[%clk 0:12:49]} 28. Rc5 {[%clk 0:02:07]} Qd7
{[%clk 0:12:06]} 29. Rc7 {[%clk 0:01:50]} Qd5 {[%clk 0:12:30]} 30. Nd6
{[%clk 0:01:00]} Rb8 {[%clk 0:11:02]} 31. Nxf7 {[%clk 0:00:48]} Rf8
{[%clk 0:09:51]} 32. Nh6+ {[%clk 0:00:34]} Kh8 {[%clk 0:10:05]} 33. Bd2
{[%clk 0:00:32]} g5 {[%clk 0:04:03]} 34. h3 {[%clk 0:00:33]} Bxh6
{[%clk 0:04:21]} 35. Qxh7# {[%clk 0:00:58]} 1-0

[Event "EYCC 2024 - G14"]
[Site "?"]
[Date "2024.08.25"]
[Round "4.7"]
[White "Toumpakari, Maria"]
[Black "Biro, Beata"]
[Result "1-0"]
[BlackElo "1926"]
[WhiteElo "1774"]
[LiveChessVersion "1.4.8"]

1. e4 {[%clk 1:30:57]} c5 {[%clk 1:30:52]} 2. Nf3 {[%clk 1:31:23]} Nc6
{[%clk 1:31:13]} 3. d4 {[%clk 1:31:47]} cxd4 {[%clk 1:31:37]} 4. Nxd4
{[%clk 1:32:10]} Nf6 {[%clk 1:31:59]} 5. Nc3 {[%clk 1:32:32]} e5 {[%clk 1:32:20]}
6. Ndb5 {[%clk 1:32:56]} d6 {[%clk 1:32:42]} 7. Nd5 {[%clk 1:33:20]} Nxd5
{[%clk 1:32:43]} 8. exd5 {[%clk 1:33:43]} Ne7 {[%clk 1:32:40]} 9. a4
{[%clk 1:34:07]} Nf5 {[%clk 1:31:39]} 10. Bd3 {[%clk 1:34:24]} g6
{[%clk 1:31:04]} 11. O-O {[%clk 1:32:49]} Bg7 {[%clk 1:29:43]} 12. Bd2
{[%clk 1:32:46]} a6 {[%clk 1:28:40]} 13. Na3 {[%clk 1:32:40]} Ne7
{[%clk 1:27:19]} 14. Nc4 {[%clk 1:22:37]} Nxd5 {[%clk 1:22:26]} 15. Be4
{[%clk 1:22:21]} Nf6 {[%clk 1:17:43]} 16. Ba5 {[%clk 1:21:28]} Qd7
{[%clk 1:08:08]} 17. Nxd6+ {[%clk 1:12:08]} Ke7 {[%clk 1:06:17]} 18. Bb4
{[%clk 1:09:29]} Nxe4 {[%clk 1:06:17]} 19. Nxc8+ {[%clk 1:09:07]} Ke8
{[%clk 1:05:41]} 20. Qxd7+ {[%clk 1:09:30]} Kxd7 {[%clk 1:06:06]} 21. Nb6+
{[%clk 1:09:55]} Kc6 {[%clk 1:05:35]} 22. Nxa8 {[%clk 1:10:17]} Rxa8
{[%clk 1:06:01]} 23. Rad1 {[%clk 1:09:47]} a5 {[%clk 1:02:58]} 24. Ba3
{[%clk 1:09:59]} Re8 {[%clk 1:00:44]} 25. Rfe1 {[%clk 1:10:13]} f5
{[%clk 0:59:08]} 26. f3 {[%clk 1:09:36]} Nf6 {[%clk 0:56:29]} 27. b3
{[%clk 1:08:53]} Nd5 {[%clk 0:52:49]} 28. Bb2 {[%clk 1:05:57]} Re7
{[%clk 0:46:54]} 29. Rd2 {[%clk 0:59:44]} Re6 {[%clk 0:39:32]} 30. c4
{[%clk 0:55:05]} Nc7 {[%clk 0:34:19]} 31. Rde2 {[%clk 0:55:15]} Rd6
{[%clk 0:28:53]} 32. Bxe5 {[%clk 0:52:57]} Bxe5 {[%clk 0:29:14]} 33. Rxe5
{[%clk 0:53:22]} Rd3 {[%clk 0:29:19]} 34. R5e3 {[%clk 0:53:23]} Rd2
{[%clk 0:27:28]} 35. Re7 {[%clk 0:47:19]} h5 {[%clk 0:25:32]} 36. Rg7
{[%clk 0:47:21]} Rd6 {[%clk 0:25:45]} 37. Ree7 {[%clk 0:46:56]} Na6
{[%clk 0:20:41]} 38. Rxb7 {[%clk 0:47:10]} Rf6 {[%clk 0:20:35]} 39. Rb5
{[%clk 0:46:49]} 1-0

[Event "EYCC 2024 - G14"]
[Site "?"]
[Date "2024.08.25"]
[Round "4.8"]
[White "Nahapetyan, Ani"]
[Black "Smietanska, Wiktoria"]
[Result "0-1"]
[BlackElo "2143"]
[WhiteElo "1637"]
[LiveChessVersion "1.4.8"]

1. e4 {[%clk 1:30:56]} c5 {[%clk 1:30:54]} 2. Nf3 {[%clk 1:31:20]} d6
{[%clk 1:31:19]} 3. d4 {[%clk 1:31:43]} cxd4 {[%clk 1:31:43]} 4. Nxd4
{[%clk 1:32:08]} Nf6 {[%clk 1:32:07]} 5. Nc3 {[%clk 1:32:30]} Nc6
{[%clk 1:32:34]} 6. Be2 {[%clk 1:29:33]} e5 {[%clk 1:32:49]} 7. Nb3
{[%clk 1:29:29]} Be7 {[%clk 1:32:58]} 8. Be3 {[%clk 1:28:38]} O-O
{[%clk 1:31:39]} 9. O-O {[%clk 1:28:40]} a5 {[%clk 1:30:58]} 10. a4
{[%clk 1:25:50]} Be6 {[%clk 1:22:24]} 11. f3 {[%clk 1:24:28]} Nb4
{[%clk 1:11:33]} 12. Qd2 {[%clk 1:18:21]} d5 {[%clk 1:08:12]} 13. exd5
{[%clk 1:16:59]} Nfxd5 {[%clk 1:08:03]} 14. Nxd5 {[%clk 1:12:08]} Nxd5
{[%clk 1:05:17]} 15. Rfd1 {[%clk 1:06:54]} Qc7 {[%clk 0:55:06]} 16. c4
{[%clk 1:00:05]} Bb4 {[%clk 0:54:23]} 17. Qc1 {[%clk 0:59:59]} Nxe3
{[%clk 0:50:03]} 18. Qxe3 {[%clk 1:00:21]} Rac8 {[%clk 0:48:12]} 19. Rac1
{[%clk 0:55:32]} Rfe8 {[%clk 0:44:19]} 20. Kh1 {[%clk 0:52:46]} Qc6
{[%clk 0:40:39]} 21. Nd2 {[%clk 0:50:30]} Qxa4 {[%clk 0:34:59]} 22. Ne4
{[%clk 0:49:54]} Bxc4 {[%clk 0:13:38]} 23. Rxc4 {[%clk 0:41:10]} Rxc4
{[%clk 0:13:58]} 24. b3 {[%clk 0:41:32]} Rxe4 {[%clk 0:13:26]} 25. fxe4
{[%clk 0:41:49]} Qc6 {[%clk 0:12:43]} 26. Bc4 {[%clk 0:41:37]} Qc7
{[%clk 0:10:53]} 27. Rf1 {[%clk 0:37:16]} Rf8 {[%clk 0:09:02]} 28. Qf3
{[%clk 0:37:16]} a4 {[%clk 0:09:04]} 29. Qf5 {[%clk 0:36:14]} a3 {[%clk 0:08:34]}
30. Qf2 {[%clk 0:36:35]} Bc5 {[%clk 0:05:42]} 31. Qc2 {[%clk 0:35:16]} Qe7
{[%clk 0:04:26]} 32. Qd2 {[%clk 0:31:48]} Kh8 {[%clk 0:04:14]} 33. Rf3
{[%clk 0:30:13]} f6 {[%clk 0:03:34]} 34. Qe2 {[%clk 0:30:05]} Ra8
{[%clk 0:02:47]} 35. Rh3 {[%clk 0:30:08]} g6 {[%clk 0:03:06]} 36. Qa2
{[%clk 0:30:23]} Rd8 {[%clk 0:02:48]} 37. Bd5 {[%clk 0:30:16]} Bb4
{[%clk 0:03:04]} 38. Qf2 {[%clk 0:26:40]} Ra8 {[%clk 0:02:59]} 39. Qa2
{[%clk 0:26:53]} Qc7 {[%clk 0:03:12]} 40. Bc4 {[%clk 0:26:23]} b5
{[%clk 0:03:23]} 0-1